| 000 | 004640000a22001810004500 | ||
|---|---|---|---|
| 003 | MACL | ||
| 005 | 20160129151832.0 | ||
| 008 | 160129b xxu||||| |||| 00| 0 eng d | ||
| 040 |
_aMACL _cMACL |
||
| 041 | _aEnglish | ||
| 082 | _a823/CAR | ||
| 100 |
_aCarter E H _935484 |
||
| 245 |
_aA History of Britain _bfrom 1485 A D to Present day |
||
| 260 |
_bSurjeet Publications _c2000 _aDelhi |
||
| 350 | _a150 | ||
| 650 |
_aFiction _935485 |
||
| 942 |
_cBK _k823/CAR _2ddc |
||
| 999 |
_c32036 _d32036 |
||